Bài giảng hàm số một biến số thực
محفوظ في:
| المؤلف الرئيسي: | |
|---|---|
| التنسيق: | كتاب |
| منشور في: |
Huế
[kxd]
1997
|
| الموضوعات: | |
| الوسوم: |
إضافة وسم
لا توجد وسوم, كن أول من يضع وسما على هذه التسجيلة!
|
| Thư viện lưu trữ: | Trung tâm Học liệu Lê Vũ Hùng, Trường Đại học Đồng Tháp |
|---|
| LEADER | 00899pam a22002778a 4500 | ||
|---|---|---|---|
| 001 | 00032219 | ||
| 005 | 20171026081025.0 | ||
| 008 | 140527s1997 ||||||Viesd | ||
| 041 | 0 | # | |a Vie |
| 082 | 1 | 4 | |a 515 |b B103GI |
| 100 | 1 | # | |a Phan, Hữu Anh Ngọc |
| 245 | 0 | 0 | |a Bài giảng hàm số một biến số thực |c Phan Hữu Anh Ngọc |
| 260 | # | # | |a Huế |b [kxd] |c 1997 |
| 300 | # | # | |a 170 tr. |c 29 cm. |
| 500 | # | # | |a ĐTTS ghi: Bộ Giáo dục và đào tạo. Đại học Huế. Trường Đại học sư phạm |
| 653 | # | # | |a Biến số thực |
| 653 | # | # | |a Đại số |
| 653 | # | # | |a Toán học |
| 653 | # | # | |a Hàm số |
| 653 | # | # | |a Bài giảng |
| 852 | # | # | |j KD.0015890 |
| 852 | # | # | |b Kho đọc |j KD.0015890 |
| 910 | 0 | # | |d 27/5/2014 |
| 980 | # | # | |a Trung tâm Học liệu Lê Vũ Hùng, Trường Đại học Đồng Tháp |